00332nam a2200121Ia 4500008004100000041000800041082001400049100002300063245004500086260003800131300003000169365001100199240624s9999 xx 000 0 und d aeng a332.6 TEM aTEMPLETON LAUREN C aINVESTING THE TEMPLETON WAY THE MARKET B c2008aNew DelhibTata McGraw-Hill axi, : 276 : p. : cm. ; 22 cRSb25